LEADER 01127nam2-2200397---450- 001 990002930910203316 005 20070523163158.0 010 $a0-415-20297-3 035 $a000293091 035 $aUSA01000293091 035 $a(ALEPH)000293091USA01 035 $a000293091 100 $a20070523d2000----km-y0itay50------ba 101 $aeng 102 $aGB 105 $a||||||||001yy 200 1 $a<<2.>> : Ladakhi to zuni$fGeorge L. Campbell 205 $a2. ed. 210 $aLondon [etc.]$cRoutledge$d2000 215 $aP. 932-1854$d24 cm. 410 0$12001 454 1$12001 461 1$1001000293087$12001$aCompendium of the world's languages 606 0 $aLingue$xClassificazione 676 $a403 700 1$aCAMPBELL,$bGeorge L.$0162800 801 0$aIT$bsalbc$gISBD 912 $a990002930910203316 951 $aIV.2. 1877/2$b194770 L.M.$cIV.2.$d00160074 959 $aBK 969 $aUMA 979 $aRIVELLI$b90$c20070523$lUSA01$h1631 979 $aRIVELLI$b90$c20070523$lUSA01$h1631 979 $aFIORELLA$b90$c20080319$lUSA01$h1628 996 $aLadakhi to zuni$91030433 997 $aUNISA